| 000 | 00392nam a2200157Ia 4500 | ||
|---|---|---|---|
| 008 | 210716s2008 xx 000 0 und d | ||
| 020 | _a8131601773 | ||
| 041 | _aeng | ||
| 082 | _a158.35 MCLJ | ||
| 100 | _aMcleod, John. | ||
| 245 | _aIntroduction to counselling. | ||
| 250 | _a3 | ||
| 260 |
_aNew Delhi _bRawat Publications _c2008 |
||
| 300 | _axix,613 | ||
| 650 | _aCounseling & Coaching | ||
| 999 |
_c207549 _d207549 |
||